000 00499nam a2200169Ia 4500
005 20250508160037.0
008 008 250505s9999 xx 000 0 eng d
037 _aBooks to be hide in OPAC
040 _aFEDL
_beng
_cFEDL
041 _aeng
_2eng
084 _a649.1, GRE/O
_qFEDL
245 0 _aReport of the care of children committee
260 _aLondon, UK
_bHer Majesty's Stationery Office
_c1956
300 _a195p.
942 _cHB
_h649.1, GRE/O
999 _c1361365
_d1361365